000 01332 a2200241 4500
999 _c442539
_d442539
003 UA-OsUOA
005 20191105113006.0
008 191017b un ||||| |||| 00| 0 ukr d
040 _aUA-OsUOA
_bukr
_cUA-OsUOA
_dUA-OsUOA
041 _aukr
080 _a94(477+477.75)
090 _a94(477+477.75)
_bЛ67
100 _aЛіщук Д.
245 _aУкраїнці і кримські татари: що спільного і що об'єднує
_cДмитро Ліщук
260 _c2014
_aЧернівці
300 _a76 с.
520 _aУ науково-популярному виданні викладено матеріали про історичну долю українців і кримських татар. Видання сприятиме поглибленню знань з історії України і Кримського ханства. Розраховане на науковців, педагогів, студентів та курсантів, учнів та усіх, хто цікавиться історичним минулим України.
591 _bЛіщук Д.
650 _a94 Історія
942 _cBK
_2udc
955 _a4